000 01035cam a22003137a 4500
003 CHAP
005 20240508135116.0
008 000504d1999 us a r 00010 eng d
010 _a80997
011 _a81969
020 _a0122886607
035 _a92453
040 _cCHAP
082 0 4 _a578.4
_bG6
100 0 0 _aGoldstein, D. J.
_948574
245 1 0 _aUnderstanding the ligth microscope :
_ba computer-aided introduction
_c/by D. J. Goldstein
260 _aSan Diego :
_bAcademica Press,
_c1999.
300 _a192 p. :
_bilus. ; gráfs. + 1 disco compácto de 4 3/4 plgs.
590 _aBATCH-UPD
_b10
_c20130110
590 _aBATCH-UPD
_b10
_c20130410
590 _aBATCH-UPD
_b10
_c20130914
590 _aCONVERSION
_b10
_c20130109
650 1 4 _aMicroscopio y microscopía
_xTécnicas.
_975538
901 _aBK
905 _aBlanca M. García O.
942 _cCD
_2ddc
949 _a578.4 G6
_bBC
_cCD
_d33724002027223
_eCD
_fCD
_i92453
_sb
949 _a578.4 G6
_bBC
_cLIBRO
_d33724000772695
_eLIBRO
_gI. 204779
_h97881
_i92453
_si
_t$665.00
999 _c80997
_d80997